000 00682nam a2200289Ia 4500
005 20260324121610.0
008 008 260324s9999 xx 000 0 eng d
020 _a9781315634579
037 _aEBOOK
040 _aCRL
040 _beng
040 _cCRL
041 _2eng
041 _aeng
084 _qCRL
100 _aKimberly A. Weir
_91163130
245 0 _aFrom Jicama to Jackfruit
245 4 _bThe Global Political Economy of Food
260 _bTaylor and Francis
260 _c2014
365 _a
365 _b265
856 _uhttp://www.taylorfrancis.com/books/9781315634579
942 _cEBOOK
999 _c1755354
_d1755354